| 000 | 01112nas a2200325 4500 | ||
|---|---|---|---|
| 001 | BR2016000277 | ||
| 003 | BR-BrBNA | ||
| 005 | 20231205130045.0 | ||
| 007 | ta | ||
| 008 | 230509b bl.|||p| |||| 00| 00por d | ||
| 040 |
_aBR-BrBNA _bpor _cBiblioteca Nacional de Agricultura |
||
| 041 | _a(Pt) | ||
| 072 | _aL73 | ||
| 100 | 1 | _aOliveira, A.P. | |
| 100 | 1 | _aRodrigues, D.S. | |
| 100 | 1 | _aBicalho, J.M. | |
| 100 | 1 | _aGasparini, M.R. | |
| 100 | 1 | _aLopes, B.C. | |
| 100 | 1 | _aFerreira, M.B.D. | |
| 100 | 1 | _aLeite, R.C. | |
| 245 | 1 | _aVírus da rinotraqueíte infecciosa dos bovinos em complexos cumulus-oócito e líquido folicular em vacas Gir naturalmente infectadas e o risco de transmissão viral por meio de embriões | |
| 650 | _aGADO LEITEIRO | ||
| 650 | _aGADO GIR | ||
| 650 | _aHERPESVIRUS | ||
| 650 | _aDOENCA ANIMAL | ||
| 650 | _aTRANSFERENCIA DE EMBRIAO | ||
| 773 | 0 |
_tInforme Agropecuário - Empresa de Pesquisa Agropecuária de Minas Gerais (Brazil) _xISSN 0100-3364 _g(2015), v. 36(286) p.114-119 _wBR2016000277 |
|
| 909 |
_a202311 _bLúcia _c55 _dLúcia Elande |
||
| 942 |
_2AGRIS _n0 _cANA |
||
| 999 |
_c247684 _d247684 |
||